• 首页
  • 本馆介绍
  • 公告通知
  • 最新文献
  • 馆藏检索
  • 电子资源
  • 读者导购
  • 参考咨询
  • 我的图书馆
  • 登录
  • 详细信息显示
  • 放入我的书架
  • 预约/预借图书
  • 作者相关作品
  • 分类相关作品
  • 丛书相关作品
  • 出版社相关作品

书目信息

  • 表格格式
  • 工作单格式
  • 卡片格式
题名:
中国国民党史
    
 
作者: 茅家琦 著
分册: 上  
出版信息: 南京   江苏人民出版社  2018
页数: 552页
开本: 25cm
丛书名:
单 册:
中图分类: D693.74
科图分类:
主题词:
电子资源:
ISBN: 978-7-214-21139-2
000 01084nam0 2200253 45
001 012001008865
005 20191029094637.06
010    @a978-7-214-21139-2@b精装@dCNY75.00
099    @aCAL 012018074441
100    @a20180427d2018 em y0chiy50 ea
101 0  @achi
102    @aCN@b320000
105    @ay a 000yy
106    @ar
200 1  @a中国国民党史@Azhong guo guo min dang shi@h上@f茅家琦 ... 等著
210    @a南京@c江苏人民出版社@d2018
215    @a552页@d25cm
320    @a有书目
330    @a本书以孙中山、蒋介石、蒋经国、李登辉四代人与中国国民党的关系为主线并对他们的政治主张及其思想渊源进行了较深刻的分析和阐述, “弥补了国民党史研究中的疏漏”。该书以实事求是的原则“对中国国民党的百年历史的溃变, 功过是非作了较为全面客观的评述, 颇多新意、发人深省”, 并从总结中国国民党史研究的整体状况出发, “指出既往研究的得失, 并进一步提出如何深化的意见、切中肯綮, 极有学术价值”。
601 02 @a中国国民党@Azhong guo guo min dang@x党史
690    @aD693.74@v5
701  0 @a茅家琦@Amao jia qi@4著
801  2 @aCN@b上海新华@c20191020
905    @b1186760-1@dD693.74@e286:1@f2
    
    中国国民党史.上/茅家琦 ... 等著.-南京:江苏人民出版社,2018
    552页;25cm
    
    
    ISBN 978-7-214-21139-2(精装):CNY75.00
    本书以孙中山、蒋介石、蒋经国、李登辉四代人与中国国民党的关系为主线并对他们的政治主张及其思想渊源进行了较深刻的分析和阐述, “弥补了国民党史研究中的疏漏”。该书以实事求是的原则“对中国国民党的百年历史的溃变, 功过是非作了较为全面客观的评述, 颇多新意、发人深省”, 并从总结中国国民党史研究的整体状况出发, “指出既往研究的得失, 并进一步提出如何深化的意见、切中肯綮, 极有学术价值”。
●
相关链接 在E读中查询图书 在五车中查询图书 在当当中查询图书 在豆瓣中查询图书


正题名:中国国民党史     索取号:D693.74/286:1         预约/预借

序号 登录号 条形码 馆藏地/架位号 状态 备注
1 1186760   211867602   第一样本阅览室/ [索取号:D693.74/286:1] 在馆    
2 1186761   211867611   第一借阅区/ [索取号:D693.74/286:1] 在馆    
唐山师范学院图书馆 欢迎您!
大连网信软件有限公司© 版权所有